LEADER 01515oam 2200457Ia 450 001 9910700317803321 005 20110707104825.0 035 $a(CKB)5470000002409812 035 $a(OCoLC)713348609 035 $a(EXLCZ)995470000002409812 100 $a20110214d2010 ua 0 101 0 $aeng 135 $aurbn||||||||| 181 $ctxt$2rdacontent 182 $cc$2rdamedia 183 $acr$2rdacarrier 200 10$aCarbon nanotube and graphene based supercapacitors$b[electronic resource] $erationale, status, and prospects /$fMatthew H. Ervin 210 1$aAdelphi, MD :$cArmy Research Laboratory,$d[2010] 215 $a1 online resource (iv, 12 pages) 225 1 $aARL-TR ;$v5283 300 $aTitle from title screen (viewed on June 27, 2011). 300 $a"August 2010." 320 $aIncludes bibliographical references (pages 8-9). 517 $aCarbon nanotube and graphene based supercapacitors 606 $aSupercapacitors$xDesign and construction 606 $aEnergy level densities 606 $aNanotubes 606 $aGraphene 615 0$aSupercapacitors$xDesign and construction. 615 0$aEnergy level densities. 615 0$aNanotubes. 615 0$aGraphene. 700 $aErvin$b Matthew H$01386323 712 02$aU.S. Army Research Laboratory. 801 0$bDTICE 801 1$bDTICE 801 2$bGPO 906 $aBOOK 912 $a9910700317803321 996 $aCarbon nanotube and graphene based supercapacitors$93523591 997 $aUNINA